Detalles MARC
| 000 -LIDER |
| fixed length control field |
01366cam a2200385 a 4500 |
| 001 - NÚMERO DE CONTROL |
| Identificador de número de control |
000000964 |
| 003 - IDENTIFICACDOR DE NÚMERO DE CONTROL |
| control field |
DO-SdBNP |
| 005 - DATE AND TIME OF LATEST TRANSACTION |
| control field |
20170927085814.0 |
| 007 - CAMPOS FIJOS DE DESCRIPCIÓN FÍSICA |
| fixed length control field |
000000964 |
| 008 - ELEMENTOS DE LONGITUD FIJA |
| fixed length control field |
980914s1998 maua 000 0 spa |
| 020 ## - ISBN |
| International Standard Book Number |
0070123322 |
| 040 ## - FUENTE DE CATALOGACIÓN |
| Agencia que crea de manera original el registro |
BPMSU |
| Idioma de catalogación |
spa |
| Agencia que realiza la transcripción |
BPMSU |
| 082 #4 - NÚMERO DE CLASIFICACIÓN DECIMAL DE DEWEY |
| Classification number |
860.9 |
| Item number |
V816a, 1998 |
| 100 1# - ASIENTO PRINCIPAL -- NOMBRE PERSONAL |
| Nombre personal |
Virgillo, Carmelo, |
| Fechas asociadas con el nombre |
1934- |
| 245 10 - MENCIÓN DE TITULO |
| Título |
Aproximaciones al estudio de la literatura hispánica / |
| Mención de responsabilidad |
Carmelo Virgillo, L. Teresa Valdivieso, Edward H. Friedman. |
| 250 ## - MENCIÓN DE EDICION |
| Mención de edición |
4a. ed. |
| 260 ## - PUBLICACIÓN, DISTRIBUCIÓN, ETC. (PIE DE IMPRENTA) |
| Lugar de publicación, distribución, etc |
Boston : |
| Nombre del editor, distribuidor, etc. |
McGraw-Hill College, |
| Fecha de publicación, distribución, etc |
1998. |
| 300 ## - DESCRIPCIÓN FÍSICA |
| Extensión |
xii, 433 p. : |
| Otros detalles físicos |
il. ; |
| Dimensiones |
24 cm. |
| 650 #4 - ENCABEZAMIENTO DE MATERIA--TEMÁTICO |
| Término temático o nombre geográfico como elemento de entrada |
LITERATURA ESPAÑOLA |
| Subdivisión temática general |
HISTORIOGRAFÍA |
| 650 #4 - ENCABEZAMIENTO DE MATERIA--TEMÁTICO |
| Término temático o nombre geográfico como elemento de entrada |
LITERATURA HISPANOAMERICANA |
| Subdivisión temática general |
HISTORIOGRAFÍA |
| 650 #4 - ENCABEZAMIENTO DE MATERIA--TEMÁTICO |
| Término temático o nombre geográfico como elemento de entrada |
LITERATURA ESPAÑOLA |
| 650 #4 - ENCABEZAMIENTO DE MATERIA--TEMÁTICO |
| Término temático o nombre geográfico como elemento de entrada |
LITERATURA HISPANOAMERICANA |
| 700 12 - ASIENTO SECUNDARIO -- NOMBRE PERSONAL |
| Nombre personal |
Valdivieso, L. Teresa. |
| 700 12 - ASIENTO SECUNDARIO -- NOMBRE PERSONAL |
| Nombre personal |
Friedman, Edward H. |
| 910 ## - VALIDACIÓN |
| Validación |
Validado. Control de calidad MMOLINA |
| 930 #1 - EQUIVALENCE OR CROSS-REFERENCE-UNIFORM TITLE HEADING [LOCAL, CANADA] |
| Language of a work |
BND01 |
| Medium of performance for music |
LF1 |
| Medium |
860.9 |
| Field link and sequence number |
20131018 |
| Date of a work |
04 |
| Name of part/section of a work |
HD |
| Miscellaneous information |
41366 |
| Medium |
e. 4 |
| 930 #1 - EQUIVALENCE OR CROSS-REFERENCE-UNIFORM TITLE HEADING [LOCAL, CANADA] |
| Language of a work |
BND01 |
| Medium of performance for music |
LF1 |
| Medium |
860.9 |
| Field link and sequence number |
20131018 |
| Date of a work |
04 |
| Name of part/section of a work |
HD |
| Miscellaneous information |
41367 |
| Medium |
e. 5 |
| 942 ## - ADDED ENTRY ELEMENTS (KOHA) |
| Source of classification or shelving scheme |
Dewey Decimal Classification |
| Koha item type |
Libros |
| 945 ## - INFORMACIÓN DE PROCESAMIENTO LOCAL |
| Información de procesamiento local |
Inventariado, 2017/MFF |
| 956 ## - LOCAL ELECTRONIC LOCATION AND ACCESS (OCLC) |
| Nombre de host |
GREYES |
| Número de acceso |
20 |
| Información de compresión |
20090617 |
| Inicio de sesión |
BND01 |
| Procesador de solicitud |
2012 |
| 956 ## - LOCAL ELECTRONIC LOCATION AND ACCESS (OCLC) |
| Nombre de host |
WMENDOZA |
| Número de acceso |
40 |
| Información de compresión |
20090625 |
| Inicio de sesión |
BND01 |
| Procesador de solicitud |
1625 |
| 956 ## - LOCAL ELECTRONIC LOCATION AND ACCESS (OCLC) |
| Nombre de host |
MMOLINA |
| Número de acceso |
40 |
| Información de compresión |
20090821 |
| Inicio de sesión |
BND01 |
| Procesador de solicitud |
1003 |
| 956 ## - LOCAL ELECTRONIC LOCATION AND ACCESS (OCLC) |
| Nombre de host |
MFILETO |
| Número de acceso |
40 |
| Información de compresión |
20130729 |
| Inicio de sesión |
BND01 |
| Procesador de solicitud |
1004 |
| 956 ## - LOCAL ELECTRONIC LOCATION AND ACCESS (OCLC) |
| Nombre de host |
VMATEO |
| Número de acceso |
10 |
| Información de compresión |
20150806 |
| Inicio de sesión |
BPMSU |
| Procesador de solicitud |
00151 |